[Event "C.to Regionale Sardegna"]
[Site "Capoterra ITA"]
[Date "2012.05.27"]
[Round "6"]
[White "Corona, Rafaele"]
[Black "Lobina, Giulio"]
[WhiteElo "1620"]
[BlackElo "1837"]
[Result "1-0"]
[PlyCount "121"]
[EventDate "2012.05.19"]

1. d4 c5 2. e3 cxd4 3. exd4 Nf6 4. c3 b6 5. Nd2 Bb7 6. f3 e6 7. Bd3 Nh5 8. Nh3
Qh4+ 9. Nf2 Nf4 10. Bf1 Nd5 11. Nde4 h6 12. Bd3 f5 13. Ng3 Bd6 14. Qe2 O-O 15.
Bd2 Nc6 16. O-O-O Rac8 17. Kb1 Bf4 18. Nh3 Bxd2 19. Qxd2 a6 20. Ne2 b5 21. Nhf4
Nxf4 22. Nxf4 Qf6 23. Nh5 Qg5 24. Qxg5 hxg5 25. f4 g6 26. Ng3 gxf4 27. Ne2 f3
28. gxf3 Ne7 29. Rhg1 Bxf3 30. Rg3 Bxe2 31. Bxe2 Kf7 32. h4 Rh8 33. Rh1 Rcg8
34. c4 b4 35. d5 g5 36. h5 f4 37. Rf3 e5 38. d6 Nf5 39. c5 Rc8 40. Bd3 Nd4 41.
Bg6+ Kf6 42. Rfh3 Rxc5 43. Bd3 Nf5 44. h6 g4 45. R3h2 Ng3 46. Rg1 Kg5 47. h7 e4
48. Bxa6 e3 49. a4 bxa3 50. bxa3 Ra5 51. Bc8 Rxa3 52. Bxd7 Rb8+ 53. Rb2 Rxb2+
54. Kxb2 Ra8 55. Bc6 Rh8 56. d7 Kh4 57. Bd5 Rxh7 58. d8=Q+ Kh3 59. Qg5 Kh2 60.
Rg2+ Kh3 61. Qxf4 1-0

[Event "C.to Regionale Sardegna"]
[Site "Capoterra ITA"]
[Date "2012.05.27"]
[Round "6"]
[White "Erriu, Giampiero"]
[Black "Depau, Alessandro"]
[WhiteElo "1739"]
[BlackElo "1614"]
[Result "0-1"]
[PlyCount "130"]
[EventDate "2012.05.19"]

1. d4 Nf6 2. c4 c6 3. Nc3 d5 4. cxd5 cxd5 5. Nf3 Bf5 6. e3 a6 7. Bd3 Bxd3 8.
Qxd3 e6 9. O-O Bd6 10. e4 dxe4 11. Nxe4 Nxe4 12. Qxe4 Qe7 13. d5 exd5 14. Qxd5
O-O 15. Re1 Qd7 16. g3 Qc6 17. Qd3 Bc5 18. Bd2 Qb6 19. Be3 Bxe3 20. Rxe3 Nc6
21. a3 Rad8 22. Qc2 Rd6 23. Rae1 h6 24. Re8 Rd8 25. Rxf8+ Rxf8 26. b4 a5 27.
bxa5 Qxa5 28. Re3 Ra8 29. Kg2 Qd5 30. Rd3 Qe6 31. Qb3 Qe7 32. h4 Nd8 33. Re3
Ne6 34. Qa2 b5 35. Kg1 Qd6 36. Qb3 Qc5 37. Rc3 Qf5 38. Qc2 Qxc2 39. Rxc2 Rxa3
40. Ne5 Kf8 41. Kg2 Ke7 42. Rb2 f6 43. Ng6+ Kf7 44. h5 Nd4 45. Rd2 Ra4 46. Nf4
Rc4 47. Rb2 Ke7 48. Nd5+ Kd6 49. Nb6 Rc6 50. Rd2 Rxb6 51. Rxd4+ Kc6 52. Kf3 Rb7
53. Ke3 Re7+ 54. Kd2 Rd7 55. Kc3 Rxd4 56. Kxd4 Kd6 57. f3 Ke6 58. Kc5 Kf5 59.
Kxb5 Kg5 60. Kc4 Kxh5 61. Kd5 Kg5 62. Ke6 f5 63. Ke5 g6 64. Ke6 f4 65. g4 h5
0-1

[Event "C.to Regionale Sardegna"]
[Site "Capoterra ITA"]
[Date "2012.05.27"]
[Round "6"]
[White "Giordano, Giulia"]
[Black "Toniolo, Massimo"]
[WhiteElo "1545"]
[BlackElo "1785"]
[Result "0-1"]
[PlyCount "164"]
[EventDate "2012.05.19"]

1. d4 Nf6 2. e3 g6 3. Bd3 Bg7 4. e4 d6 5. f3 O-O 6. Be3 b6 7. Qd2 Re8 8. g4 Bb7
9. h4 e5 10. c3 d5 11. Qg2 dxe4 12. fxe4 exd4 13. cxd4 Bxe4 14. Bxe4 Rxe4 15.
Ne2 Qe7 16. Nbc3 Rxe3 17. Qxa8 Nfd7 18. O-O-O Rxe2 19. Nxe2 Qxe2 20. Rhe1 Qxg4
21. Re8+ Bf8 22. Rxb8 Nxb8 23. Qxb8 Qf4+ 24. Kb1 Qe4+ 25. Ka1 Qxh4 26. Qxc7 Qe7
27. Qf4 h5 28. Rf1 g5 29. Qf5 h4 30. d5 Bg7 31. d6 Qe5 32. Qxf7+ Kh8 33. Qh5+
Kg8 34. Qf7+ Kh8 35. Qb3 Qxd6 36. Rd1 Qf6 37. Rc1 g4 38. Rc8+ Kh7 39. Qd3+ Kh6
40. Qd2+ Kh5 41. Qe2 Qe5 42. Qf2 Qf6 43. Qe2 h3 44. Qe8+ Kg5 45. Qe3+ Qf4 46.
Qe7+ Qf6 47. Qe3+ Kh5 48. Qe8+ Qg6 49. Qb5+ Kh4 50. Qf1 a6 51. Qe1+ Kh5 52. Qd2
Qf6 53. Rc4 b5 54. Rf4 Qe5 55. Qf2 Qxb2+ 56. Qxb2 Bxb2+ 57. Kxb2 h2 58. Rf1 g3
59. Rh1 Kg4 60. Kc3 Kh3 61. Rd1 g2 62. Rd3+ Kg4 63. Rd4+ Kf5 64. Rd5+ Ke6 65.
Rh5 g1=Q 66. Rh6+ Kf7 67. Rh7+ Qg7+ 68. Rxg7+ Kxg7 69. Kb4 h1=Q 70. Ka5 Qa1 71.
Kxa6 Qxa2+ 72. Kxb5 Qe6 73. Kc5 Kf6 74. Kd4 Qe5+ 75. Kc4 Qd6 76. Kc3 Ke5 77.
Kc4 Qd5+ 78. Kc3 Ke4 79. Kb4 Kd4 80. Ka3 Qb7 81. Ka4 Kc4 82. Ka5 Qb5# 0-1

[Event "C.to Regionale Sardegna"]
[Site "Capoterra ITA"]
[Date "2012.05.27"]
[Round "6"]
[White "Marchionni, Daniele"]
[Black "Carucci, Bruno"]
[WhiteElo "1395"]
[BlackElo "1504"]
[Result "0-1"]
[PlyCount "90"]
[EventDate "2012.05.19"]

1. d4 Nf6 2. c4 e6 3. Nf3 Bb4+ 4. Nc3 O-O 5. Qc2 d5 6. e3 Ne4 7. Bd3 Nxc3 8.
Bxh7+ Kh8 9. bxc3 Be7 10. c5 g6 11. Bxg6 fxg6 12. Qxg6 Qe8 13. Qh6+ Kg8 14. Ne5
Rf6 15. Qg5+ Kf8 16. Qg4 Nd7 17. O-O Nxe5 18. dxe5 Rg6 19. Qf3+ Qf7 20. Qxf7+
Kxf7 21. g3 Bd7 22. Ba3 b6 23. c6 Bxc6 24. Bxe7 Kxe7 25. Rab1 Rh8 26. h4 Rxh4
27. Kg2 d4+ 28. f3 Rhg4 29. Kf2 Rxg3 30. Ke2 Rg2+ 31. Kd3 dxe3 32. Kxe3 Rxa2
33. Rh1 Kf7 34. Rh7+ Rg7 35. Rbh1 Rag2 36. R7h3 a5 37. R1h2 Rxh2 38. Rxh2 Kg6
39. Rh4 Rf7 40. Rg4+ Kh5 41. Rg3 Kh4 42. Rg4+ Kh3 43. Kd4 Bxf3 44. Rg8 a4 45.
Ra8 Bxa8 0-1

[Event "C.to Regionale Sardegna"]
[Site "Capoterra ITA"]
[Date "2012.05.27"]
[Round "6"]
[White "Palmas, Alessandro"]
[Black "Murtas, Gianvito"]
[WhiteElo "1823"]
[BlackElo "1730"]
[Result "1-0"]
[PlyCount "93"]
[EventDate "2012.05.19"]

1. d4 Nf6 2. c4 g6 3. Nc3 Bg7 4. e4 d6 5. Be3 O-O 6. h3 a5 7. Qd2 Na6 8. Nf3 c5
9. d5 Nb4 10. a3 Bd7 11. g4 Qe8 12. g5 Nh5 13. axb4 axb4 14. Rxa8 Qxa8 15. Nd1
Qa1 16. Qc1 Ra8 17. Qxa1 Rxa1 18. b3 Ra3 19. Nd2 Bc3 20. Nxc3 bxc3 21. Nb1 Rxb3
22. Bd3 b5 23. Bc1 b4 24. Bc2 Ba4 25. Ke2 Rxb1 26. Bxb1 b3 27. Kd3 c2 28. Bxc2
bxc2 29. Kc3 f5 30. exf5 Bd7 31. fxg6 Bf5 32. gxh7+ Bxh7 33. h4 Bg6 34. Be3 Kf7
35. Bd2 e5 36. Ra1 Ng7 37. Rh1 Nh5 38. Be3 Be4 39. Rc1 Ng7 40. Kd2 Kg6 41. f4
exf4 42. Bxf4 Nf5 43. Re1 Bf3 44. Kxc2 Nd4+ 45. Kd3 Nf5 46. Re6+ Kh5 47. Bxd6
1-0

[Event "C.to Regionale Sardegna"]
[Site "Capoterra ITA"]
[Date "2012.05.27"]
[Round "6"]
[White "Picciau, Marta"]
[Black "Murtas, Paolo"]
[WhiteElo "1521"]
[BlackElo "1518"]
[Result "1-0"]
[PlyCount "93"]
[EventDate "2012.05.19"]

1. e4 e5 2. Nf3 Nc6 3. Bc4 Nf6 4. Nc3 Bc5 5. d3 h6 6. O-O d6 7. h3 O-O 8. a3
Bb6 9. Na4 Be6 10. Bxe6 fxe6 11. Nxb6 axb6 12. Be3 Qe7 13. Qd2 Qf7 14. Kh1 d5
15. exd5 Nxd5 16. Rae1 Rad8 17. Qe2 Qf6 18. Bd2 Nf4 19. Bxf4 exf4 20. Qxe6+
Qxe6 21. Rxe6 Rde8 22. Rfe1 Rxe6 23. Rxe6 Nd8 24. Re7 Rf7 25. Rxf7 Kxf7 26. Nd4
Ne6 27. Nxe6 Kxe6 28. Kg1 Ke5 29. Kf1 g5 30. Ke2 c5 31. c3 b5 32. Kf3 Kf5 33.
b3 h5 34. g4+ hxg4+ 35. hxg4+ Ke5 36. b4 cxb4 37. axb4 b6 38. Ke2 Kd5 39. Kf3
Ke5 40. Ke2 Kd5 41. Kd2 Kd6 42. c4 bxc4 43. dxc4 Ke5 44. Kd3 Kd6 45. Kd4 Ke6
46. c5 b5 47. Ke4 1-0

[Event "C.to Regionale Sardegna"]
[Site "Capoterra ITA"]
[Date "2012.05.27"]
[Round "6"]
[White "Pitzanti, Matteo"]
[Black "Putzolu, Marcello"]
[WhiteElo "1598"]
[BlackElo "1809"]
[Result "1-0"]
[PlyCount "57"]
[EventDate "2012.05.19"]

1. d4 Nf6 2. Nc3 d5 3. Bg5 e6 4. Qd2 Bb4 5. f3 h6 6. Bh4 g5 7. Bf2 c6 8. e3 Qa5
9. Bd3 Bxc3 10. bxc3 b6 11. Ne2 Ba6 12. h3 Bxd3 13. Qxd3 Qa6 14. Qd2 Nbd7 15.
Bg3 O-O-O 16. Nc1 c5 17. Nd3 cxd4 18. cxd4 Rhe8 19. O-O h5 20. Rfb1 h4 21. Bh2
Nh5 22. a4 Ng3 23. a5 Qb7 24. axb6 axb6 25. Rb3 f6 26. Rc3+ Kb8 27. Nb4 Rc8 28.
Bxg3+ hxg3 29. Na6+ 1-0

[Event "C.to Regionale Sardegna"]
[Site "Capoterra ITA"]
[Date "2012.05.27"]
[Round "6"]
[White "Puzzoni, Christian"]
[Black "Mallo', Danilo"]
[WhiteElo "2077"]
[BlackElo "1921"]
[Result "1-0"]
[PlyCount "85"]
[EventDate "2012.05.19"]

1. e4 c6 2. Nc3 d5 3. Nf3 Bg4 4. h3 Bh5 5. exd5 cxd5 6. g4 Bg6 7. Ne5 Nc6 8. d4
e6 9. Bb5 Qc7 10. Qe2 O-O-O 11. Bxc6 bxc6 12. Qa6+ Qb7 13. Qxc6+ Qxc6 14. Nxc6
Rd7 15. Bf4 Ne7 16. Ne5 Rb7 17. O-O-O h5 18. Rhe1 f6 19. Nd3 Bxd3 20. Rxd3 Ng6
21. Bg3 hxg4 22. hxg4 Kd7 23. Rde3 Rb6 24. f4 Bd6 25. f5 Nf4 26. fxe6+ Ke8 27.
Bxf4 Bxf4 28. Nxd5 Bxe3+ 29. Rxe3 Rh1+ 30. Kd2 Rxb2 31. Rc3 Rh2+ 32. Kc1 Rb8
33. Rc7 Re2 34. Rxg7 Kf8 35. Rf7+ Ke8 36. Nxf6+ Kd8 37. d5 Rb6 38. Kd1 Re5 39.
g5 Rb1+ 40. Kd2 Rbe1 41. d6 R1e2+ 42. Kd3 Kc8 43. Rc7+ 1-0

[Event "C.to Regionale Sardegna"]
[Site "Capoterra ITA"]
[Date "2012.05.27"]
[Round "6"]
[White "Serra, Emanuele"]
[Black "Ibba, Isacco"]
[WhiteElo "1848"]
[BlackElo "2207"]
[Result "0-1"]
[PlyCount "64"]
[EventDate "2012.05.19"]

1. c4 e6 2. Nf3 d5 3. d4 c6 4. Nc3 Nf6 5. Bg5 dxc4 6. a4 Bb4 7. e4 Bxc3+ 8.
bxc3 Qa5 9. Bxf6 Qxc3+ 10. Nd2 gxf6 11. Rc1 Qxd4 12. Rxc4 Qd6 13. Be2 e5 14.
Rc3 Be6 15. O-O Nd7 16. Qc2 O-O 17. Rd1 Qe7 18. g4 Kh8 19. Rb1 Rab8 20. Nf1 Rg8
21. Ne3 Rgd8 22. a5 c5 23. Bb5 b6 24. axb6 Rxb6 25. Ra3 Rdb8 26. Qd3 c4 27. Nd5
Bxd5 28. Qxd5 Qxa3 29. Qxd7 Qd6 30. Qxf7 Qe6 31. Qxe6 Rxe6 32. Kg2 Reb6 0-1

[Event "C.to Regionale Sardegna"]
[Site "Capoterra ITA"]
[Date "2012.05.27"]
[Round "6"]
[White "Sonis, Francesco"]
[Black "Dessy, Eugenio"]
[WhiteElo "1463"]
[BlackElo "1662"]
[Result "0-1"]
[PlyCount "80"]
[EventDate "2012.05.19"]

1. e4 e5 2. Nf3 Nc6 3. Bc4 Nf6 4. Ng5 d5 5. exd5 Na5 6. Bb5+ c6 7. dxc6 bxc6 8.
Ba4 h6 9. Nf3 e4 10. Ng1 Bc5 11. Ne2 Ng4 12. O-O Qh4 13. h3 Nxf2 14. Rxf2 Bxf2+
15. Kh2 Bd7 16. Qf1 Bb6 17. c3 Bc7+ 18. Kh1 O-O 19. b4 Nc4 20. Bb3 Ne5 21. Ba3
Nd3 22. b5 Nf2+ 23. Kg1 Bb6 24. Nd4 Nxh3+ 25. gxh3 Bxh3 26. Qf2 Qg5+ 27. Kh1 c5
28. Qh2 Bd7 29. c4 Qf6 30. Nc2 Rfe8 31. Nc3 Re5 32. Nd5 Qf3+ 33. Qg2 Rh5+ 34.
Kg1 Rg5 35. Qxg5 hxg5 36. Rf1 Qg3+ 37. Kh1 Bg4 38. Ne1 Bf3+ 39. Nxf3 exf3 40.
Ne3 Bc7 0-1

[Event "C.to Regionale Sardegna"]
[Site "Capoterra ITA"]
[Date "2012.05.27"]
[Round "6"]
[White "Sonis, Luca"]
[Black "Caredda, Giuseppe"]
[WhiteElo "1548"]
[BlackElo "1577"]
[Result "0-1"]
[PlyCount "70"]
[EventDate "2012.05.19"]

1. e4 c5 2. c3 d5 3. exd5 Qxd5 4. d4 e6 5. dxc5 Qxd1+ 6. Kxd1 Bxc5 7. Be3 Bxe3
8. fxe3 Nf6 9. Bb5+ Bd7 10. Bxd7+ Nbxd7 11. Nd2 Rd8 12. Ke2 O-O 13. Ngf3 Nc5
14. Rhd1 Nd3 15. Rab1 Ng4 16. Ne4 Nge5 17. Nxe5 Nxe5 18. Rxd8 Rxd8 19. Rd1 Rxd1
20. Kxd1 f5 21. Nd6 b6 22. Ke2 a6 23. h3 g5 24. b3 Kf8 25. Nc4 Nxc4 26. bxc4
Ke7 27. Kd3 Kd6 28. Kd4 e5+ 29. Kd3 Kc5 30. e4 f4 31. a3 h5 32. a4 g4 33. h4 g3
34. Kd2 f3 35. Ke1 fxg2 0-1

[Event "C.to Regionale Sardegna"]
[Site "Capoterra ITA"]
[Date "2012.05.27"]
[Round "6"]
[White "Sorcinelli, Andrea"]
[Black "Moi, Federico"]
[WhiteElo "1756"]
[BlackElo "1532"]
[Result "0-1"]
[PlyCount "86"]
[EventDate "2012.05.19"]

1. e4 e5 2. Nf3 Nc6 3. Bb5 d6 4. d4 exd4 5. Nxd4 Bd7 6. Bc4 Be7 7. O-O Nf6 8.
Nc3 O-O 9. Re1 Nxd4 10. Qxd4 c5 11. Qd1 Bc6 12. Nd5 b5 13. Nxf6+ Bxf6 14. Bd5
Bxd5 15. Qxd5 Qc7 16. c3 Rad8 17. Bg5 Bxg5 18. Qxg5 Rfe8 19. Rad1 Re5 20. Qd2
Qe7 21. Qe2 a6 22. Rd5 Re8 23. Rxe5 Qxe5 24. Qd2 d5 25. f4 Qe6 26. e5 Rd8 27.
b3 Qb6 28. Kf1 d4 29. cxd4 cxd4 30. Rc1 d3 31. Qf2 d2 32. Rd1 Qa5 33. a4 bxa4
34. bxa4 Qc3 35. Qe2 Qd4 36. Qf2 Qc4+ 37. Qe2 Qxf4+ 38. Qf2 Qxa4 39. Rxd2 Qa1+
40. Qe1 Qxe1+ 41. Kxe1 Rxd2 42. Kxd2 Kf8 43. Kc3 Ke7 0-1